书目信息 |
| 题名: |
实用电视编辑
|
|
| 作者: | 黄著诚 主编 | |
| 分册: | ||
| 出版信息: | 北京 中国广播电视出版社 2000 |
|
| 页数: | 248页 | |
| 开本: | 20cm | |
| 丛书名: | 21世纪广播电视职业教育丛书 | |
| 单 册: | ||
| 中图分类: | G222.1 | |
| 科图分类: | ||
| 主题词: | 电视工作--编辑工作 , 电视事业 | |
| 电子资源: | ||
| ISBN: | 7-5043-3541-X | |
| 000 | 00675nam0 2200229 45 | |
| 001 | 0205210876 | |
| 005 | 20031219104055.8 | |
| 010 | @a7-5043-3541-X@dCNY16.00 | |
| 100 | @a20020521d2000 km y0chiy0120 ea | |
| 101 | 0 | @achi |
| 105 | @a z 000yy | |
| 200 | 1 | @a实用电视编辑@AShi Yong Dian Shi Bian Ji@f黄著诚主编@FHuang Zhu Cheng Zhu Bian |
| 210 | @a北京@c中国广播电视出版社@d2000 | |
| 215 | @a248页@d20cm | |
| 225 | @a21世纪广播电视职业教育丛书 | |
| 410 | @12001 @a21世纪广播电视职业教育丛书 | |
| 606 | 0 | @a电视工作@x编辑工作 |
| 606 | 0 | @a电视事业 |
| 690 | @aG222.1@v4 | |
| 701 | 0 | @a黄著诚@4主编 |
| 801 | @aCN@bTSTC@c20020521 | |
| 905 | @b310527-531@dG222.1@e11@f5 | |
| 实用电视编辑/黄著诚主编.-北京:中国广播电视出版社,2000 |
| 248页;20cm.-(21世纪广播电视职业教育丛书) |
| ISBN 7-5043-3541-X:CNY16.00 |
| ● |
| 相关链接 |
|
|
|
|
正题名:实用电视编辑
索取号:G222.1/11
 
预约/预借
| 序号 | 登录号 | 条形码 | 馆藏地/架位号 | 状态 | 备注 |
| 1 | 0310527 | 203105273 | 第四借阅区/ [索取号:G222.1/11] | 在馆 | |
| 2 | 0310528 | 203105282 | 第四借阅区/ [索取号:G222.1/11] | 在馆 | |
| 3 | 0310529 | 203105291 | 第四借阅区/ [索取号:G222.1/11] | 在馆 | |
| 4 | 0310530 | 203105308 | 第四借阅区/ [索取号:G222.1/11] | 在馆 | |
| 5 | 0310531 | 203105317 | 第一样本阅览室/ [索取号:G222.1/11] | 在馆 |